000 00435cam a22001337a 4500
008 180718b2006 xxu||||| |||| 00| 0 eng d
082 _aDx517 So58
100 _aSoni, Sharad K.
245 _aMongolia- china relations : modern and contemporary times
_cby Sharad K. Soni
260 _aNew Delhi
_bPentagon
_c2006
300 _a328p.
650 _aChina -- Foreign relations -- Mongolia
650 _aMongolia -- Foreign relations -- China
999 _c444412
_d444412